00301nam a2200121Ia 4500008004100000082001800041100001500059245003400074250000800108260003100116300001000147650002200157150201s2007 xx 000 0 und d a617,6bH2007P aPRABHU,S.R aHIV & AIDS IN DENTAL PRACTICE a1ST bTHOMSAN PRESSaDELHIc2007 a1-298 aGENERAL DENTISTRY